| 000 | 01597nam0a2200373 4500 | ||
|---|---|---|---|
| 001 | RU\NLR\bibl\1197482 | ||
| 005 | 20260405132000.0 | ||
| 010 | _a5-88010-131-2 | ||
| 021 |
_aRU _b2007-94286 _95090 |
||
| 035 | _a(NLR Aleph) 001184001 | ||
| 090 |
_a1675294 _c1675294 |
||
| 100 | _a20080306d2007 |||y0rusy50 ca | ||
| 101 | 0 |
_arus _aeng |
|
| 102 | _aRU | ||
| 105 | _aa ||||||||| | ||
| 200 | 1 |
_aТаежные были _fИгорь Кузнецов, Тамара Кузнецова _g[предисл., рис.: Кузнецова Наталья] |
|
| 205 | _aИзд. 2-е, доп. | ||
| 210 |
_aМосква [и др. _cб. и] _d2007 |
||
| 215 |
_a355 с. _cил. _d15 |
||
| 225 | 1 | _aПуть к совершенству | |
| 300 | _aЧасть текста парал. на рус. и англ. яз. | ||
| 686 | _aШ6(2=Р)75-440.5 | ||
| 686 | _aШ6(2=Р)75-440.5Кузнецова | ||
| 700 | 1 |
_4070 _8rus _7ca _aКузнецов _bИ. В. _cписатель _f1951- _gИгорь Владимирович _3RU\NLR\AUTH\7729442 _912471 |
|
| 701 | 1 |
_4070 _8rus _7ca _aКузнецова _bТ. С. _cмемуарист _f1916- _gТамара Сергеевна _3RU\NLR\AUTH\7729411 _912440 |
|
| 702 | 1 |
_4440 _8rus _7ca _aКузнецова _bН. И. _cлитератор, иллюстратор _f1993- _gНаталья Игоревна _3RU\NLR\AUTH\7752899 _935832 |
|
| 801 | 0 |
_aRU _bNLR _c20080306 _gRCR |
|
| 801 | 1 |
_aRU _bNLR _c20080306 |
|
| 942 | _cBOOK | ||
| 980 | _aNB | ||